From the Heart to Hearts/ (Record no. 201470)
[ view plain ]
| 000 -LEADER | |
|---|---|
| fixed length control field | 00531nam a2200169 4500 |
| 010 ## - LCCN (DPL NO) | |
| LC control number | ENG-139669 |
| 020 ## - INTERNATIONAL STANDARD BOOK NUMBER | |
| International Standard Book Number | 9789350831083 |
| Terms of availability | 100.00 |
| 035 ## - SYSTEM CONTROL NUMBER | |
| System control number | EN-123201 |
| 037 ## - SOURCE OF ACQUISITION | |
| Source of stock number/acquisition | DBAD/PUB |
| 082 ## - DEWEY DECIMAL CLASSIFICATION NUMBER | |
| Classification number | 158.1 |
| 100 ## - MAIN ENTRY--PERSONAL NAME | |
| Personal name | Chetan,Rajesh |
| 245 ## - TITLE STATEMENT | |
| Title | From the Heart to Hearts/ |
| Statement of responsibility, etc | by Rajesh Chetan |
| 260 ## - PUBLICATION, DISTRIBUTION, ETC. (IMPRINT) | |
| Place of publication, distribution, etc | New Delhi |
| Name of publisher, distributor, etc | Diamond Pocket Books (P) Ltd. |
| Date of publication, distribution, etc | 2012 |
| 270 ## - ADDRESS | |
| Address | x-30, Okhla Industries Area Phase-ii |
| City | New Delhi |
| Postal code | 110020 |
| Electronic mail address | sales@dpb.in |
| 300 ## - PHYSICAL DESCRIPTION | |
| Extent | 136p. |
| Dimensions | 22cm(FBK) |
| 942 ## - ADDED ENTRY ELEMENTS (KOHA) | |
| Source of classification or shelving scheme | Dewey Decimal Classification |
| Item type | English Books |
| Classification part | 158.1 |
| Call number suffix | CHE |
| Withdrawn status | Lost status | Not for loan | Collection code | Home library | Current library | Date acquired | Source of acquisition | Cost, normal purchase price | Full call number | Barcode | Copy number | Cost, replacement price | Koha item type |
|---|---|---|---|---|---|---|---|---|---|---|---|---|---|
| Non-fiction | Central Jail Tihar | Central Jail Tihar | 14/03/2024 | DBAD | 100.00 | 158.1 CHE | EN-123201 | 1 | 100.00 | English Books |
